00481nam a2200169Ia 4500003000900000008004100009020001400050040001600064080001600080100001800096245008700114260003500201300001600236650001400252650001900266650002600285IN-BaIIA211028s9999 xx 000 0 eng d a109876-54 cIIA Library a531.19bHUA aHuang, Kerson 0aStatistical mechanicscKerson Huang  aNew DelhibWiley Easternc1991 axiii, 470p. aMechanics aNASA Thesaurus aStatistical mechanics